| 000 | 00605cam a2200145 4500500 | ||
|---|---|---|---|
| 005 | 20260208010232.0 | ||
| 041 | _afre | ||
| 042 | _adc | ||
| 100 | 1 | 0 |
_aPety, Dominique _eauthor |
| 245 | 0 | 0 | _aEdmond et Jules de Goncourt, Sœur Philomène . Édition critique par Alex Lascar. Paris, Honoré Champion, 2015. Un vol. de 365 p. |
| 260 | _c2016. | ||
| 500 | _a27 | ||
| 786 | 0 | _nRevue d'histoire littéraire de la France | 116 | 4 | 2016-11-30 | p. 951t-1024t | 0035-2411 | |
| 856 | 4 | 1 | _uhttps://shs.cairn.info/revue-d-histoire-litteraire-de-la-france-2016-4-page-951t?lang=fr&redirect-ssocas=7080 |
| 999 |
_c1655684 _d1655684 |
||